000 01515nam a22002177a 4500
008 230414s2011 xxk|||||o||||o001 0 eng d
041 _aeng
245 _aFire safety in purpose-built blocks of flats
_h[Electronic resource]
260 _bHome Office,
_c2011
300 _a193p.
500 _aThe guide was originally produced in 2011 and summarised the legislation, guidance and best practice at the time of writing and should be viewed as no longer comprehensive. The Home Office is working on a revised version of this guide which they intend to publish in 2023. In the interim, it is continued to be made available to fire safety professionals as it contains relevant and useful information for purpose-built blocks of flats
520 _aThis document is a guide to ensuring adequate fire safety in purpose-built blocks of flats, regardless of age. Practical advice is offered on how to assess the risk from fire and how to manage fire safety in such buildings. The document also includes case studies based on the commonly found issues in blocks of flats, with suggested fire safety solutions.
650 _aFIRE DOORS
650 _aFIRE SAFETY
650 _aPURPOSE BUILT FLATS
651 _aUnited Kingdom
690 _96244
_aHealth and safety
710 _aHome Office
856 _uhttps://assets.publishing.service.gov.uk/government/uploads/system/uploads/attachment_data/file/1128493/Fire_Safety_in_Purpose_Built_Blocks_of_Flats_Guide-update.pdf
_zAvailable on .gov.uk
942 _n0
999 _c121467
_d121467